[Event "ODJM A 2018"]
[Site "Willingen GER"]
[Date "2018.05.21"]
[Round "3"]
[White "Meiwes, Thore"]
[Black "Heldt, Maximilian"]
[Result "0-1"]
[Termination "normal"]
[Board "10"]
[WhiteElo "1771"]
[BlackElo "2050"]
[WhiteClock "00:20:37"]
[BlackClock "00:32:48"]
[PlyCount "98"]
[WhiteFideId "16201256"]
[BlackFideId "12952346"]
[EventCountry "GER"]
[EventRounds "9"]
[EventType "swiss"]
[EventDate "2018.05.19"]

1. d4 {[%clk 1:30:57]} 1... Nf6 {[%clk 1:30:54]} 2. Bf4 {[%clk 1:31:23]} 2...
c5 {[%clk 1:31:01]} 3. e3 {[%clk 1:31:40]} 3... Qb6 {[%clk 1:26:37]} 4. Nc3 {
[%clk 1:32:03]} 4... d6 {[%clk 1:24:33]} 5. dxc5 {[%clk 1:29:19]} 5... Qxc5 {
[%clk 1:21:30]} 6. h3 {[%clk 1:24:33]} 6... g6 {[%clk 1:20:56]} 7. Nf3 { [%clk
1:20:35]} 7... Bg7 {[%clk 1:20:54]} 8. Nd4 {[%clk 1:09:36]} 8... a6 { [%clk
1:14:10]} 9. Be2 {[%clk 1:04:03]} 9... O-O {[%clk 1:11:33]} 10. O-O { [%clk
1:02:22]} 10... Qc7 {[%clk 1:11:23]} 11. Bh2 {[%clk 1:01:06]} 11... Nc6 { [%clk
1:10:19]} 12. Bf3 {[%clk 0:54:27]} 12... Bd7 {[%clk 0:55:32]} 13. Nd5 { [%clk
0:49:02]} 13... Nxd5 {[%clk 0:55:03]} 14. Bxd5 {[%clk 0:49:30]} 14... Rac8
{[%clk 0:46:06]} 15. c3 {[%clk 0:47:40]} 15... b5 {[%clk 0:43:32]} 16. Nxc6
{[%clk 0:38:31]} 16... Bxc6 {[%clk 0:43:56]} 17. Rc1 {[%clk 0:36:47]} 17... Qb7
{[%clk 0:40:17]} 18. Bxc6 {[%clk 0:35:00]} 18... Rxc6 {[%clk 0:40:11] } 19. Qf3
{[%clk 0:34:10]} 19... Rfc8 {[%clk 0:37:37]} 20. Rc2 {[%clk 0:27:03]} 20... Qd7
{[%clk 0:35:53]} 21. Rfc1 {[%clk 0:24:40]} 21... Qe6 {[%clk 0:34:19]} 22. a3
{[%clk 0:22:56]} 22... a5 {[%clk 0:34:10]} 23. Qe2 {[%clk 0:21:11]} 23... Qb3
{[%clk 0:33:40]} 24. e4 {[%clk 0:18:28]} 24... Qc4 {[%clk 0:29:23]} 25. Qe3
{[%clk 0:16:45]} 25... Qa4 {[%clk 0:23:36]} 26. Qe2 {[%clk 0:12:32]} 26... Rc4
{[%clk 0:22:20]} 27. f3 {[%clk 0:11:29]} 27... b4 {[%clk 0:18:11]} 28. axb4
{[%clk 0:11:54]} 28... axb4 {[%clk 0:18:38]} 29. e5 {[%clk 0:12:13]} 29... Bh6
{[%clk 0:12:37]} 30. Rd1 {[%clk 0:12:12]} 30... b3 {[%clk 0:12:11]} 31. Rcd2
{[%clk 0:11:28]} 31... Bxd2 {[%clk 0:12:26]} 32. Qxd2 {[%clk 0:11:34]} 32...
dxe5 {[%clk 0:09:14]} 33. Bxe5 {[%clk 0:12:02]} 33... f6 {[%clk 0:08:21]} 34.
Bg3 {[%clk 0:12:19]} 34... Qc6 {[%clk 0:07:53]} 35. Ra1 {[%clk 0:09:33]} 35...
Rc5 {[%clk 0:07:27]} 36. Ra7 {[%clk 0:07:55]} 36... Rg5 {[%clk 0:05:25]} 37.
Bf4 {[%clk 0:07:16]} 37... Rd5 {[%clk 0:04:43]} 38. Qe3 {[%clk 0:06:27]} 38...
Rd7 {[%clk 0:05:04]} 39. Ra3 {[%clk 0:05:42]} 39... Rb7 {[%clk 0:05:12]} 40.
Kh2 {[%clk 0:03:54]} 40... Kf7 {[%clk 0:04:46]} 41. Bh6 {[%clk 0:25:26]} 41...
Qd6+ {[%clk 0:33:48]} 42. f4 {[%clk 0:24:13]} 42... Qxa3 {[%clk 0:31:39]} 43.
bxa3 {[%clk 0:23:03]} 43... b2 {[%clk 0:32:04]} 44. f5 {[%clk 0:21:59]} 44...
gxf5 {[%clk 0:32:11]} 45. Qf3 {[%clk 0:20:55]} 45... b1=Q {[%clk 0:32:17] } 46.
Qh5+ {[%clk 0:20:43]} 46... Ke6 {[%clk 0:32:06]} 47. Qe2+ {[%clk 0:20:41] }
47... Qe4 {[%clk 0:32:14]} 48. Qa2+ {[%clk 0:20:26]} 48... Qd5 { [%clk
0:32:22]} 49. Qe2+ {[%clk 0:20:37]} 49... Qe5+ {[%clk 0:32:48]} 0-1

[Event "ODJM A 2018"]
[Site "Willingen GER"]
[Date "2018.05.21"]
[Round "3"]
[White "Förster, Erik"]
[Black "Isler, Benjamin"]
[Result "1-0"]
[Termination "normal"]
[Board "11"]
[WhiteElo "2074"]
[BlackElo "1881"]
[WhiteClock "01:23:34"]
[BlackClock "00:58:15"]
[PlyCount "103"]
[WhiteFideId "12918601"]
[BlackFideId "12975478"]
[EventCountry "GER"]
[EventRounds "9"]
[EventType "swiss"]
[EventDate "2018.05.19"]

1. d4 {[%clk 1:30:57]} 1... Nf6 {[%clk 1:30:54]} 2. g3 {[%clk 1:31:26]} 2... e6
{[%clk 1:30:16]} 3. Bg2 {[%clk 1:31:53]} 3... h6 {[%clk 1:28:22]} 4. Nf3 {
[%clk 1:30:22]} 4... d5 {[%clk 1:27:15]} 5. O-O {[%clk 1:30:39]} 5... b6 {
[%clk 1:27:32]} 6. c4 {[%clk 1:31:00]} 6... Bb7 {[%clk 1:27:03]} 7. Ne5 { [%clk
1:31:25]} 7... c6 {[%clk 1:21:06]} 8. Nc3 {[%clk 1:28:46]} 8... Nbd7 { [%clk
1:19:53]} 9. Bf4 {[%clk 1:23:58]} 9... g5 {[%clk 1:18:43]} 10. Nxd7 { [%clk
1:22:37]} 10... Nxd7 {[%clk 1:15:01]} 11. cxd5 {[%clk 1:21:08]} 11... exd5
{[%clk 1:14:32]} 12. Bd2 {[%clk 1:20:00]} 12... f5 {[%clk 1:12:11]} 13. e4
{[%clk 1:18:53]} 13... dxe4 {[%clk 1:08:36]} 14. Qh5+ {[%clk 1:17:20]} 14...
Ke7 {[%clk 1:08:59]} 15. Bxg5+ {[%clk 1:17:20]} 15... Nf6 {[%clk 1:08:34]} 16.
Bxf6+ {[%clk 1:17:44]} 16... Kxf6 {[%clk 1:08:48]} 17. Nxe4+ {[%clk 1:18:07]}
17... Kg7 {[%clk 1:07:10]} 18. Qxf5 {[%clk 1:17:49]} 18... Be7 {[%clk 1:05:40]}
19. Qe5+ {[%clk 1:17:41]} 19... Bf6 {[%clk 1:05:59]} 20. Nxf6 {[%clk 1:17:32]}
20... Qxf6 {[%clk 1:06:18]} 21. Rac1 {[%clk 1:17:26]} 21... Rac8 { [%clk
1:04:59]} 22. Rfe1 {[%clk 1:16:51]} 22... Rhe8 {[%clk 1:04:29]} 23. Qxf6+
{[%clk 1:16:45]} 23... Kxf6 {[%clk 1:04:56]} 24. Rxe8 {[%clk 1:17:04]} 24...
Rxe8 {[%clk 1:05:03]} 25. Bxc6 {[%clk 1:17:06]} 25... Bxc6 {[%clk 1:05:25]} 26.
Rxc6+ {[%clk 1:17:29]} 26... Kg5 {[%clk 1:05:40]} 27. h4+ {[%clk 1:17:29]}
27... Kg4 {[%clk 1:05:57]} 28. Kg2 {[%clk 1:17:16]} 28... Re2 {[%clk 1:05:01]}
29. Rg6+ {[%clk 1:16:45]} 29... Kf5 {[%clk 1:04:47]} 30. Rg7 {[%clk 1:15:40]}
30... a5 {[%clk 1:02:56]} 31. b3 {[%clk 1:15:58]} 31... Rxa2 {[%clk 1:03:01]}
32. Rb7 {[%clk 1:16:24]} 32... Rd2 {[%clk 1:02:35]} 33. Rxb6 {[%clk 1:16:49]}
33... Rxd4 {[%clk 1:02:58]} 34. Rxh6 {[%clk 1:17:05]} 34... Rb4 {[%clk 1:00:43]
} 35. Rh5+ {[%clk 1:17:30]} 35... Kg6 {[%clk 1:01:06]} 36. Rg5+ {[%clk 1:17:54]
} 36... Kh6 {[%clk 1:01:30]} 37. Rxa5 {[%clk 1:18:20]} 37... Rxb3 { [%clk
1:01:46]} 38. g4 {[%clk 1:18:46]} 38... Rb6 {[%clk 1:00:43]} 39. Kg3 { [%clk
1:19:12]} 39... Rb7 {[%clk 0:59:32]} 40. Ra6+ {[%clk 1:19:39]} 40... Kg7 {[%clk
0:59:55]} 41. h5 {[%clk 1:20:04]} 41... Rf7 {[%clk 0:59:34]} 42. g5 { [%clk
1:20:29]} 42... Rb7 {[%clk 0:59:23]} 43. f4 {[%clk 1:20:55]} 43... Kh7 { [%clk
0:59:33]} 44. Kg4 {[%clk 1:21:23]} 44... Rc7 {[%clk 0:58:33]} 45. h6 { [%clk
1:21:50]} 45... Rb7 {[%clk 0:58:38]} 46. Kh5 {[%clk 1:22:16]} 46... Rb1 { [%clk
0:58:29]} 47. Ra7+ {[%clk 1:22:43]} 47... Kh8 {[%clk 0:58:48]} 48. f5 { [%clk
1:23:09]} 48... Rb8 {[%clk 0:58:55]} 49. g6 {[%clk 1:23:29]} 49... Rc8 { [%clk
0:59:03]} 50. h7 {[%clk 1:22:57]} 50... Rc1 {[%clk 0:57:50]} 51. Ra8+ { [%clk
1:23:15]} 51... Kg7 {[%clk 0:58:15]} 52. h8=B# {[%clk 1:23:34]} 1-0

[Event "ODJM A 2018"]
[Site "Willingen GER"]
[Date "2018.05.21"]
[Round "3"]
[White "Bartelt, Max Peter"]
[Black "Irkilmez, Yakub"]
[Result "0-1"]
[Termination "normal"]
[Board "12"]
[WhiteElo "1807"]
[BlackElo "2108"]
[WhiteClock "00:22:58"]
[BlackClock "00:05:58"]
[PlyCount "46"]
[WhiteFideId "12967289"]
[BlackFideId "16204581"]
[EventCountry "GER"]
[EventRounds "9"]
[EventType "swiss"]
[EventDate "2018.05.19"]

1. e4 {[%clk 1:30:57]} 1... e6 {[%clk 1:30:46]} 2. d4 {[%clk 1:31:23]} 2... d5
{[%clk 1:31:06]} 3. exd5 {[%clk 1:31:41]} 3... exd5 {[%clk 1:26:48]} 4. Nf3 {
[%clk 1:31:57]} 4... Bd6 {[%clk 1:26:55]} 5. Bd3 {[%clk 1:32:03]} 5... Ne7 {
[%clk 1:25:57]} 6. O-O {[%clk 1:32:01]} 6... Bg4 {[%clk 1:23:31]} 7. c4 { [%clk
1:26:02]} 7... dxc4 {[%clk 1:20:47]} 8. Bxc4 {[%clk 1:26:26]} 8... O-O { [%clk
1:19:57]} 9. Qd3 {[%clk 1:21:03]} 9... Nbc6 {[%clk 1:17:31]} 10. Nc3 { [%clk
1:09:29]} 10... Bxf3 {[%clk 1:14:36]} 11. Qxf3 {[%clk 1:08:29]} 11... Nxd4
{[%clk 1:14:56]} 12. Qxb7 {[%clk 1:05:27]} 12... Nec6 {[%clk 1:13:15]} 13. Bd5
{[%clk 1:01:51]} 13... Rb8 {[%clk 1:09:16]} 14. Qa6 {[%clk 1:02:01]} 14... Qf6
{[%clk 0:32:53]} 15. Bxc6 {[%clk 0:56:25]} 15... Nxc6 {[%clk 0:31:08]} 16. Qc4
{[%clk 0:49:38]} 16... Rb4 {[%clk 0:28:29]} 17. Qd5 {[%clk 0:48:23]} 17... Qg6
{[%clk 0:19:18]} 18. a3 {[%clk 0:37:39]} 18... Rbb8 {[%clk 0:14:22]} 19. Rb1
{[%clk 0:32:44]} 19... Rfe8 {[%clk 0:09:29]} 20. Be3 {[%clk 0:30:03]} 20... Ne5
{[%clk 0:07:35]} 21. Bxa7 {[%clk 0:27:53]} 21... Rbd8 {[%clk 0:07:39]} 22. Qe4
{[%clk 0:26:36]} 22... Qh5 {[%clk 0:05:58]} 23. Rbe1 {[%clk 0:22:58]} 23...
Nf3+ {[%clk 0:05:58]} 0-1

[Event "ODJM A 2018"]
[Site "Willingen GER"]
[Date "2018.05.21"]
[Round "3"]
[White "Dette, Jan"]
[Black "Erofeev, Anastasia"]
[Result "0-1"]
[Termination "normal"]
[Board "13"]
[WhiteElo "2097"]
[BlackElo "1933"]
[PlyCount "78"]
[WhiteFideId "12936677"]
[BlackFideId "12917915"]
[EventCountry "GER"]
[EventRounds "9"]
[EventType "swiss"]
[EventDate "2018.05.19"]

1. d4 d5 2. c4 dxc4 3. Nc3 a6 4. e4 b5 5. Nf3 Bb7 6. Be2 Nf6 7. e5 Ne4 8. Nxe4
Bxe4 9. O-O e6 10. Ng5 Bg6 11. f4 Be7 12. Bf3 c6 13. Ne4 O-O 14. Be3 Nd7 15. a4
Nb6 16. axb5 Nd5 17. Bf2 axb5 18. g3 Rxa1 19. Qxa1 Qa8 20. Kg2 Qb7 21. h4 h6
22. Nc3 Bd3 23. Rd1 Nb4 24. Qa5 Bc2 25. Ra1 Ba4 26. Nxa4 Ra8 27. Nc5 Rxa5 28.
Rxa5 Bxc5 29. dxc5 Nd3 30. Bd4 Qd7 31. Ra8+ Kh7 32. Be4+ g6 33. Be3 Nxb2 34. h5
Nd1 35. Bc1 Nc3 36. hxg6+ fxg6 37. Bf3 b4 38. Ra6 Nd5 39. g4 Qb7 0-1

[Event "ODJM A 2018"]
[Site "Willingen GER"]
[Date "2018.05.21"]
[Round "3"]
[White "Gallasch, Jonas"]
[Black "Rieper, Julian"]
[Result "1/2-1/2"]
[Termination "normal"]
[Board "14"]
[WhiteElo "1924"]
[BlackElo "2038"]
[PlyCount "92"]
[WhiteFideId "16222474"]
[BlackFideId "12936960"]
[EventCountry "GER"]
[EventRounds "9"]
[EventType "swiss"]
[EventDate "2018.05.19"]

1. Nf3 d5 2. c4 c6 3. cxd5 cxd5 4. d4 Nc6 5. Nc3 Nf6 6. Bf4 Qa5 7. e3 Ne4 8.
Qb3 e6 9. Bd3 f5 10. O-O Be7 11. Rfd1 O-O 12. Rac1 Qd8 13. h3 Bd6 14. Ne5 Nxe5
15. dxe5 Nc5 16. Qc2 Nxd3 17. Rxd3 Bb8 18. Qb3 Kh8 19. Nb5 Bd7 20. Rdc3 a6 21.
Nd4 Ra7 22. Qa3 Re8 23. Bg3 a5 24. Qb3 a4 25. Qa3 Ra6 26. f4 Ba7 27. Be1 Bxd4
28. exd4 Bc6 29. Rc5 Qd7 30. R1c2 h6 31. g4 Qf7 32. Qg3 Rg8 33. g5 Qh5 34. Rg2
hxg5 35. Qxg5 Qxg5 36. Rxg5 g6 37. a3 Kg7 38. Kg2 Kf7 39. Kf3 Rh8 40. h4 Rb6
41. Rg2 Rb3+ 42. Rc3 Bb5 43. Rxb3 axb3 44. Ke3 b6 45. Rg1 Rc8 46. Bc3 Bc4
1/2-1/2

[Event "ODJM A 2018"]
[Site "Willingen GER"]
[Date "2018.05.21"]
[Round "3"]
[White "Hartmann, Jakob"]
[Black "Zeuner, Ole"]
[Result "1-0"]
[Termination "normal"]
[Board "15"]
[WhiteElo "2194"]
[BlackElo "1982"]
[PlyCount "77"]
[WhiteFideId "12918067"]
[BlackFideId "12943576"]
[EventCountry "GER"]
[EventRounds "9"]
[EventType "swiss"]
[EventDate "2018.05.19"]

1. e4 e5 2. Nf3 Nc6 3. Bc4 Bc5 4. O-O Nf6 5. d3 d6 6. c3 a6 7. Bb3 Ba7 8. Be3
h6 9. Nbd2 O-O 10. h3 Nh5 11. Re1 Qf6 12. Nf1 Nf4 13. Ng3 g6 14. Nh2 Kg7 15.
Qf3 Bxe3 16. Qxe3 h5 17. Rad1 Rh8 18. d4 g5 19. Bc2 Ne7 20. dxe5 dxe5 21. Nf5+
Kg6 22. Qc5 Nc6 23. Ba4 b5 24. Bb3 Bxf5 25. exf5+ Kg7 26. Rd7 Rhf8 27. Nf3 Rae8
28. Nd2 Rd8 29. Ne4 Qxf5 30. Rxd8 Nxd8 31. Ng3 Qf6 32. Rxe5 Nde6 33. Bxe6 fxe6
34. Nxh5+ Nxh5 35. Rxg5+ Kh6 36. Rxh5+ Kg6 37. Re5 Rd8 38. Qe3 Rd6 39. Re4 1-0

[Event "ODJM A 2018"]
[Site "Willingen GER"]
[Date "2018.05.21"]
[Round "3"]
[White "Bargsten, Justus"]
[Black "Schimnatkowski, Lukas"]
[Result "1-0"]
[Termination "normal"]
[Board "16"]
[WhiteElo "1953"]
[BlackElo "2051"]
[PlyCount "109"]
[WhiteFideId "12974188"]
[BlackFideId "12936723"]
[EventCountry "GER"]
[EventRounds "9"]
[EventType "swiss"]
[EventDate "2018.05.19"]

1. e4 c5 2. Nf3 e6 3. d4 cxd4 4. Nxd4 Nc6 5. Nc3 Qc7 6. Be3 a6 7. Qf3 Bd6 8.
O-O-O Be5 9. Nxc6 bxc6 10. Bd4 Nf6 11. Bxe5 Qxe5 12. Qg3 Qxg3 13. hxg3 d5 14.
Bd3 a5 15. Rhe1 O-O 16. Na4 Nd7 17. c4 d4 18. e5 c5 19. Be4 Ra7 20. f4 Bb7 21.
g4 Re8 22. Rd3 Bxe4 23. Rxe4 Rb7 24. b3 Rc7 25. Rh3 f6 26. exf6 gxf6 27. Rh6
Kg7 28. g5 fxg5 29. Rhxe6 Rxe6 30. Rxe6 gxf4 31. Re4 f3 32. gxf3 Kf6 33. Rh4
Ne5 34. Rh5 Nxf3 35. Nxc5 Kg6 36. Rd5 h5 37. Nd3 Rf7 38. c5 h4 39. Nf2 Ng1 40.
Ng4 Rf5 41. Rxf5 Kxf5 42. c6 Ke6 43. Kc2 Nf3 44. Kd3 h3 45. Ke4 Ne5 46. c7 Kd7
47. Nxe5+ Kxc7 48. Nf3 Kb6 49. Kxd4 Kb5 50. a3 Kb6 51. a4 Kc6 52. Kc4 Kd6 53.
Kb5 Kd5 54. Kxa5 Ke4 55. Ng5+ 1-0

[Event "ODJM A 2018"]
[Site "Willingen GER"]
[Date "2018.05.21"]
[Round "3"]
[White "Kartsev, Nikolay"]
[Black "Wanner, Lukas"]
[Result "1-0"]
[Termination "normal"]
[Board "17"]
[WhiteElo "1993"]
[BlackElo "2045"]
[PlyCount "49"]
[WhiteFideId "12939536"]
[BlackFideId "12918148"]
[EventCountry "GER"]
[EventRounds "9"]
[EventType "swiss"]
[EventDate "2018.05.19"]

1. e4 g6 2. d4 Bg7 3. Nc3 c5 4. Be3 Qa5 5. Bc4 Nc6 6. Nge2 Nf6 7. f3 cxd4 8.
Nxd4 Qb4 9. Nxc6 bxc6 10. Qd3 Qxb2 11. Rb1 Qa3 12. e5 Ng8 13. Bf4 Qa5 14. O-O
Bxe5 15. Bxe5 Qxe5 16. Rfe1 Qc5+ 17. Kh1 Nf6 18. Na4 Qf5 19. Qc3 Kf8 20. Re5
Qf4 21. g3 Qh6 22. Rxe7 Nd5 23. Bxd5 Kxe7 24. Re1+ Kd6 25. Qe5# 1-0

[Event "ODJM A 2018"]
[Site "Willingen GER"]
[Date "2018.05.21"]
[Round "3"]
[White "Melde, Benjamin"]
[Black "Hofmann, Lorenz"]
[Result "0-1"]
[Termination "normal"]
[Board "18"]
[WhiteElo "2069"]
[BlackElo "1909"]
[PlyCount "98"]
[WhiteFideId "12958816"]
[BlackFideId "12995509"]
[EventCountry "GER"]
[EventRounds "9"]
[EventType "swiss"]
[EventDate "2018.05.19"]

1. c4 e5 2. g3 g6 3. Bg2 Bg7 4. Nc3 d6 5. e4 Ne7 6. Nge2 Nbc6 7. O-O O-O 8. d3
Nd4 9. b4 Bg4 10. f3 Be6 11. b5 c6 12. Ba3 c5 13. Nxd4 exd4 14. Nd5 Bxd5 15.
cxd5 a6 16. bxa6 Rxa6 17. Qb3 Qa5 18. Bb2 b5 19. Rfb1 Rb8 20. Bc1 Qc7 21. Bd2
Qa7 22. Bc1 Rab6 23. Kh1 c4 24. Qb4 c3 25. Bf4 Nc8 26. Bh3 Be5 27. Bxe5 dxe5
28. f4 Qc7 29. d6 Qxd6 30. Qxd6 Rxd6 31. fxe5 Rd8 32. Rb4 Na7 33. Rab1 Nc6 34.
R4b3 Nxe5 35. Bf1 b4 36. Be2 Rdc8 37. Kg2 Ra8 38. Rxb4 Rxa2 39. Kf1 Nc6 40. Rc4
Rb2 41. Ra1 Rb6 42. Bd1 Rd8 43. Raa4 Rd6 44. Be2 Rf6+ 45. Ke1 Rb1+ 46. Bd1 Ne5
47. Rc8+ Kg7 48. Ke2 Rb2+ 49. Ke1 Nxd3# 0-1

[Event "ODJM A 2018"]
[Site "Willingen GER"]
[Date "2018.05.21"]
[Round "3"]
[White "Grund, Sebastian"]
[Black "Teichert, Felix"]
[Result "1-0"]
[Termination "normal"]
[Board "19"]
[WhiteElo "1892"]
[BlackElo "1970"]
[PlyCount "71"]
[WhiteFideId "12988626"]
[BlackFideId "12987670"]
[EventCountry "GER"]
[EventRounds "9"]
[EventType "swiss"]
[EventDate "2018.05.19"]

1. d4 f5 2. Nf3 Nf6 3. c4 g6 4. Nc3 Bg7 5. g3 O-O 6. Bg2 a5 7. O-O d6 8. d5 Na6
9. Nd4 Nc5 10. Rb1 Re8 11. b3 e5 12. dxe6 Nxe6 13. Nxe6 Rxe6 14. Nd5 c6 15.
Nxf6+ Bxf6 16. Bb2 a4 17. b4 Kg7 18. Qc2 Qe8 19. Bxf6+ Rxf6 20. Rbd1 Qe5 21. f4
Qe3+ 22. Kh1 Qb6 23. a3 Bd7 24. Rd2 Be8 25. Rfd1 Qc7 26. Qc3 Rd8 27. e4 fxe4
28. g4 Kf7 29. g5 Rxf4 30. Qh8 Rh4 31. Rf2+ Ke6 32. Qc3 Qe7 33. Bh3+ Rxh3 34.
Qxh3+ Ke5 35. Rf6 h5 36. Qg3# 1-0

[Event "ODJM A 2018"]
[Site "Willingen GER"]
[Date "2018.05.21"]
[Round "3"]
[White "Brunner, Jan"]
[Black "Seref, Erdogan"]
[Result "1/2-1/2"]
[Termination "normal"]
[Board "20"]
[WhiteElo "2005"]
[BlackElo "1991"]
[PlyCount "90"]
[WhiteFideId "12981010"]
[BlackFideId "16206827"]
[EventCountry "GER"]
[EventRounds "9"]
[EventType "swiss"]
[EventDate "2018.05.19"]

1. d4 Nf6 2. c4 e6 3. g3 d5 4. Nf3 Be7 5. Bg2 O-O 6. O-O dxc4 7. Ne5 Nc6 8.
Bxc6 bxc6 9. Nxc6 Qe8 10. Nxe7+ Qxe7 11. Qc2 c5 12. Qxc4 cxd4 13. Qxd4 Rd8 14.
Qh4 Rb8 15. b3 Ba6 16. Ba3 Qc7 17. Rc1 Qe5 18. Nc3 Rd4 19. Qh3 Rd2 20. Qg2 Bb7
21. Qf1 Ne4 22. Nxe4 Qxe4 23. f3 Qd5 24. Rd1 Qd4+ 25. Kg2 Rd8 26. Rxd2 Qxd2 27.
Kf2 Qa5 28. Bc1 Qh5 29. h4 Qd5 30. Be3 a6 31. Rc1 e5 32. Rc5 Qe6 33. Rc7 Bd5
34. Kg2 e4 35. f4 Bc6 36. f5 Qd5 37. Qf4 Bb5 38. Qf1 h5 39. a4 Bd7 40. f6 g6
41. Qf4 Qd1 42. Qh6 Qxe2+ 43. Kg1 Qe1+ 44. Kh2 Qe2+ 45. Kg1 Qe1+ 1/2-1/2

[Event "ODJM A 2018"]
[Site "Willingen GER"]
[Date "2018.05.21"]
[Round "3"]
[White "Oganessjan, Artur"]
[Black "Reucker, Friedrich"]
[Result "1-0"]
[Termination "normal"]
[Board "21"]
[WhiteElo "2045"]
[BlackElo "1882"]
[PlyCount "89"]
[WhiteFideId "12986062"]
[BlackFideId "12993670"]
[EventCountry "GER"]
[EventRounds "9"]
[EventType "swiss"]
[EventDate "2018.05.19"]

1. e4 c6 2. d4 d5 3. Nc3 dxe4 4. Nxe4 Nf6 5. Nxf6+ exf6 6. c3 Bd6 7. Bd3 O-O 8.
Qc2 Re8+ 9. Ne2 g6 10. Be3 Be6 11. h4 Nd7 12. h5 Nf8 13. O-O-O a5 14. Bh6 f5
15. Nf4 Bxf4+ 16. Bxf4 Qd5 17. b3 a4 18. Bc4 axb3 19. Bxb3 Qa5 20. Kb1 Bxb3 21.
Qxb3 Ne6 22. Be5 Ra6 23. hxg6 fxg6 24. Ka1 Qa3 25. Qxa3 Rxa3 26. Kb2 Rea8 27.
Ra1 R3a5 28. Rhe1 Kf7 29. Re2 Rd5 30. Rae1 Rd7 31. f3 Nc7 32. c4 Ne8 33. g4
fxg4 34. fxg4 Nd6 35. Kb3 b5 36. Rf2+ Kg8 37. cxb5 Nxb5 38. Re4 Rda7 39. Kc4
Rxa2 40. Rxa2 Rxa2 41. Rf4 Na7 42. Kc5 Rc2+ 43. Kd6 Nc8+ 44. Kd7 Nb6+ 45. Ke8
1-0

[Event "ODJM A 2018"]
[Site "Willingen GER"]
[Date "2018.05.21"]
[Round "3"]
[White "Do, Nam"]
[Black "Hinrichs, Niklas"]
[Result "1-0"]
[Termination "normal"]
[Board "23"]
[WhiteElo "1947"]
[BlackElo "1976"]
[PlyCount "84"]
[WhiteFideId "12998885"]
[BlackFideId "12942499"]
[EventCountry "GER"]
[EventRounds "9"]
[EventType "swiss"]
[EventDate "2018.05.19"]

1. e4 c5 2. c3 d5 3. exd5 Qxd5 4. d4 Nf6 5. Nf3 Nc6 6. Be2 cxd4 7. cxd4 e6 8.
O-O Be7 9. Nc3 Qd6 10. b3 O-O 11. Bb2 b6 12. Nb5 Qd7 13. Ne5 Nxe5 14. dxe5 Nd5
15. Rc1 Bb7 16. Rc7 Qxb5 17. Bxb5 Nxc7 18. Qd7 Nxb5 19. Qxe7 Ba6 20. Rd1 Rfe8
21. Qg5 Nc7 22. Rd4 h6 23. Qh4 Nd5 24. Bc1 Ne7 25. Rd7 Rad8 26. Rxd8 Rxd8 27.
h3 Rd1+ 28. Kh2 Nf5 29. Qa4 Bb7 30. Qe8+ Kh7 31. Qxf7 Bd5 32. Qc7 Re1 33. Qc2
Rxe5 34. g4 Be4 35. Qc7 Nh4 36. Kg3 Nf3 37. Bb2 Rg5 38. h4 Rg6 39. h5 Rg5 40.
Bf6 Nd2 41. f4 Rxg4+ 42. Kxg4 Bf5+ 1-0

[Event "ODJM A 2018"]
[Site "Willingen GER"]
[Date "2018.05.21"]
[Round "3"]
[White "Schallner, Marc"]
[Black "Leser, Stefan"]
[Result "1/2-1/2"]
[Termination "normal"]
[Board "24"]
[WhiteElo "1993"]
[BlackElo "1852"]
[PlyCount "40"]
[WhiteFideId "12971243"]
[BlackFideId "12997706"]
[EventCountry "GER"]
[EventRounds "9"]
[EventType "swiss"]
[EventDate "2018.05.19"]

1. e4 e6 2. d4 d5 3. exd5 exd5 4. Nf3 Nf6 5. Bd3 Bd6 6. O-O O-O 7. c4 dxc4 8.
Bxc4 Nc6 9. h3 Bf5 10. Nc3 a6 11. a3 h6 12. Be3 Qd7 13. d5 Ne5 14. Nxe5 Bxe5
15. Bd4 Rfe8 16. Re1 Bxd4 17. Qxd4 Rad8 18. Qf4 Bg6 19. Rac1 Re7 20. Qg3 20...
Kf8 {(=)} 1/2-1/2

[Event "ODJM A 2018"]
[Site "Willingen GER"]
[Date "2018.05.21"]
[Round "3"]
[White "Beesk, Kevin"]
[Black "Hoffmann, Fabian"]
[Result "1/2-1/2"]
[Termination "normal"]
[Board "25"]
[WhiteElo "1968"]
[BlackElo "1893"]
[PlyCount "63"]
[WhiteFideId "1271882"]
[BlackFideId "12964891"]
[EventCountry "GER"]
[EventRounds "9"]
[EventType "swiss"]
[EventDate "2018.05.19"]

1. d4 c6 2. e4 d5 3. exd5 cxd5 4. Bd3 Nc6 5. c3 e5 6. dxe5 Nxe5 7. Bb5+ Nc6 8.
Nf3 Nf6 9. O-O Be7 10. Nbd2 O-O 11. Nb3 Bg4 12. Be2 Re8 13. Bf4 Qd7 14. Re1 Bd6
15. Bxd6 Qxd6 16. h3 Bf5 17. Nbd4 Nxd4 18. Nxd4 Be4 19. Bd3 Qf4 20. Re3 Re5 21.
Ne2 Qh6 22. Ng3 Rae8 23. Bxe4 Nxe4 24. Nxe4 dxe4 25. Qa4 Qb6 26. Rae1 f5 27. b3
a6 28. Kh1 Qg6 29. Qc4+ Kh8 30. g3 h6 31. Qc7 R5e7 32. Qc5 1/2-1/2

[Event "ODJM A 2018"]
[Site "Willingen GER"]
[Date "2018.05.21"]
[Round "3"]
[White "Pölt, Christoph"]
[Black "Gallasch, Robin"]
[Result "1/2-1/2"]
[Termination "normal"]
[Board "27"]
[WhiteElo "1903"]
[BlackElo "1752"]
[PlyCount "109"]
[WhiteFideId "12960853"]
[BlackFideId "16222423"]
[EventCountry "GER"]
[EventRounds "9"]
[EventType "swiss"]
[EventDate "2018.05.19"]

1. d4 Nf6 2. c4 c5 3. d5 e6 4. Nc3 exd5 5. cxd5 d6 6. g3 g6 7. Bg2 Bg7 8. Nf3
O-O 9. O-O Re8 10. Re1 Na6 11. Nd2 Nc7 12. a4 Nd7 13. Qc2 b6 14. Nc4 Ne5 15.
Na3 Bb7 16. Bd2 Rb8 17. h3 f5 18. Rad1 Qd7 19. Kh2 a6 20. f4 Nf7 21. Qd3 21...
Ba8 {(=)} 22. Nc2 b5 23. axb5 axb5 24. b4 c4 25. Qf3 Bb7 26. e4 Kh8 27. Ra1 Ra8
28. Rxa8 Bxa8 29. Qf2 Kg8 30. Nd4 fxe4 31. Rxe4 Rxe4 32. Bxe4 32... Bb7 {(=)}
33. Bf3 Nh6 34. g4 Kf8 35. Qe3 Nf7 36. g5 Bxd4 37. Qxd4 Qf5 38. Be4 Qd7 39. Nd1
Bc8 40. Nf2 Ne8 41. Bc3 Qe7 42. h4 Bf5 43. Kg3 h5 44. Bxf5 gxf5 45. g6 Nh6 46.
Qh8+ Ng8 47. Qxh5 Qe3+ 48. Qf3 Qxf3+ 49. Kxf3 Nef6 50. Nd1 Kg7 51. h5 Kh6 52.
Bxf6 Nxf6 53. Nc3 Kxh5 54. g7 Kg6 55. g8=Q+ 1/2-1/2